50 największych miast europy w 2100 roku - Statystyki

Ogólne statystyki
  • Ten quiz został rozwiązany 505 razy
  • Średni wynik to 26 z 50
Statystyki odpowiedzi
Ludność Miasto % Poprawnych
14,385,138 Warszawa
98%
31,013,031 Londyn
96%
28,153,095 Moskwa
95%
29,025,831 Paryż
93%
27,003,425 Berlin
91%
24,746,713 Madryt
88%
28,657,654 Rzym
86%
18,941,425 Barcelona
85%
28,543,647 Kijów
84%
38,753,532 Stambuł
83%
18,836,153 Sztokholm
78%
15,631,582 Ateny
74%
18,825,000 Mediolan
74%
29,102,183 Petersburg
74%
25,154,791 Lizbona
73%
18,926,431 Monachium
73%
19,451,104 Oslo
73%
17,876,643 Wiedeń
72%
12,018,319 Amsterdam
70%
19,654,914 Mińsk
68%
23,138,626 Hamburg
67%
14,574,742 Dublin
63%
21,431,581 Marsylia
63%
22,768,612 Bruksela
62%
23,488.032 Neapol
61%
14,419,850 Manchester
59%
27,645,701 Lyon
58%
24,914,648 Liverpool
56%
25,194,526 Charków
51%
18,741,831 Lwów
47%
18,505,983 Kolonia
45%
11,978,631 Berno
43%
22,768,192 Glasgow
40%
16,853,919 Zurych
39%
13,817,401 Walencja
36%
15,739,153 Palermo
32%
22,936,613 Haga
27%
15,649,134 Tirana
22%
18,534,416 Brema
19%
15,478,649 Niżny Nowogród
19%
11,835,184 Wołgograd
19%
21,647,694 Goteborg
18%
25,864,915 Hanower
12%
17,914,741 Graz
9%
18,975,636 Nantes
9%
16,146,640 Palma
5%
14,615,097 Jarosław
3%
15,184,618 Kowno
3%
11,953,730 Warna
3%
11,864,098 Kluż-Napoka
1%
Nie znaleziono quizów pasujących do podanych kryteriów
Rozkład punktacji
Procent ludzi z każdym wynikiem
Percentyl według liczby udzielonych odpowiedzi
Twoja historia wyników
Nie rozwiązałeś tego quizu